| 000 | 00561nam a22001577a 4500 | ||
|---|---|---|---|
| 003 | macl | ||
| 005 | 20191203124725.0 | ||
| 008 | 191203b xxu||||| |||| 00| 0 eng d | ||
| 040 | _cmacl | ||
| 082 | _a891.433/BHA/S | ||
| 100 |
_aबघेल ,सं. डॉ .अनिकेत सिंह _977416 |
||
| 245 | _aप्रसाद की सर्वश्रेष्ठ कहानियॉ | ||
| 260 |
_aगाजियाबाद _bक्रियेटिव बुक्स _c2018 |
||
| 650 |
_aकहानी _977417 |
||
| 942 |
_2ddc _cHIN |
||
| 999 |
_c61491 _d61491 |
||